| 000 | 01104cam a22002655a 4500 | ||
|---|---|---|---|
| 999 |
_c16079 _d16079 |
||
| 005 | 20181018132731.0 | ||
| 008 | 110920s2010 enka fr 000 0 eng d | ||
| 020 | _a0230033164 | ||
| 020 | _a9780230033160 | ||
| 020 | _a9780230033146 | ||
| 040 |
_aEG-ScBUE _beng _cEG-ScBUE _dEG-ScBUE |
||
| 082 | 0 | 4 |
_a428.24 _bCLA TR _222 |
| 100 | 1 |
_aClandfield, Lindsay. _927030 |
|
| 245 | 1 | 0 |
_aGlobal. _pPre-Intermediate. Teacher's book / _cLindsay Clanfield & Frances Watkins. |
| 260 |
_aOxford : _bMacmillan Education, _c2010. |
||
| 300 |
_axxx, 145 p. : _bIll. (some col.) ; _c30 cm. + _e1 CD-ROM ( 4 3/4 in.) |
||
| 490 | 0 | _aCommon European framework | |
| 520 | _aThe Global Class Audio CDs contain the listening material from the Coursebook and recordings of the literary extracts featured in the book. | ||
| 521 | _aA2 - BI | ||
| 650 | 7 |
_aEnglish language _vTextbooks for foreign speakers. _2BUEsh _910201 |
|
| 650 | 7 |
_aEnglish language _xStudy and teaching _vTextbooks for foreign speakers. _2BUEsh _912671 |
|
| 651 | _2BUEsh | ||
| 653 |
_bHHUUEENN _cSeptember2011 _cOctober2018 |
||
| 700 | 1 | _aWatkins, Frances. | |